000 00312nam a22001217a 4500
999 _c158830
_d158830
082 _a
_b
245 _aPerspectives in measurement and evaluation in education (v.4)/
_cVashist S R (ed.).
260 _aNew Delhi:
_bAnmol,
_c1993.
300 _a435p.
650 _a
700 _aVashist S R (ed.)
942 _cBK